| 000 | 00902nam a2200217Ia 4500 | ||
|---|---|---|---|
| 003 | Ost | ||
| 005 | 20260507075016.0 | ||
| 008 | 260507s9999||||xx |||||||||||||| ||und|| | ||
| 040 | _cfsecg | ||
| 041 | _aara | ||
| 082 | _a658.571 | ||
| 100 |
_aالعيساوي، كاظم جاسم _eمؤلف |
||
| 245 | 0 |
_aدراسات الجدوى الإقتصادية وتقييم المشروعات : _bتحليل نظري وتطبيقي / _c كاظم جاسم العيساوي |
|
| 260 |
_aالأردن: _bدار المناهج, _c2002 |
||
| 300 |
_a311 صفحة؛ _bإيضاحات ؛ _c24 سم |
||
| 520 | _aالإستثمار ودراسة الجدوى الإقتصادية للمشروعات الإستثمارية-معايير تقييم المشروعات الإستثمارية | ||
| 653 | _aالإستثمار | ||
| 653 | _aالمشروعات | ||
| 653 | _aدراسة الجدوى | ||
| 942 | _cكتاب | ||
| 999 |
_c42206 _d42206 |
||